| 000 | 00404nam a2200133Ia 4500 | ||
|---|---|---|---|
| 008 | 170516s9999 xx 000 0 und d | ||
| 245 | _aAnalytical and Theranostic Applications of Gold Nanoparticles and Multifunctional Nanocomposites: Erratum | ||
| 260 | _bTheranostics | ||
| 260 | _c2013 | ||
| 300 | _a3:12 | ||
| 650 | _xMedical Technology | ||
| 650 | _xMedtech | ||
| 856 | _uhttp://www.thno.org/v3i12 | ||
| 999 |
_c329985 _d329985 |
||